| 000 | 00409nam a2200157Ia 4500 | ||
|---|---|---|---|
| 003 | GCL | ||
| 008 | 140319s9999 xx 000 0 eng d | ||
| 040 |
_aGCL / _cGCL |
||
| 082 | 0 | 4 |
_a621.3987 _bS E |
| 100 | 1 | _aSHERR, SOL | |
| 245 | 1 | 0 |
_aELECTRONIC DISPLAYS: 2nd ed / _cSHERR, SOL |
| 260 |
_a[S.N] : _bJOHN WILEY AND SONS. INC |
||
| 300 | _a624 P | ||
| 650 | 0 | 4 | _aINFORMATION DISPLAY SYSTEMS |
| 942 |
_2ddc _cBK |
||
| 999 |
_c19006 _d19006 |
||